000 00908cam a22002535a 4500
001 L158126
008 131008s2014 xxk f 000 0 eng d
020 _a9781848063808
035 _a(Sirsi) u158126
041 0 _aeng
100 1 _aHolden, John
245 0 0 _aMaking the most of renewable energy systems
260 _aWatford
_bBRE
_c2014
300 _a12p.
_bill.
_c30cm.
490 0 _aBRE Digest
_v(DG 531)
520 _aDescribes the most popular renewable energy technologies included in the Microgeneration Certification Scheme (MCS). A general overview of the safety, performance and reliability considerations is given, together with eligibility criteria for applicable finance incentives.
521 _aAdvanced
590 _aKA
650 2 4 _aMicrogeneration Certification Scheme
651 4 _aENGLAND AND WALES
690 _aRENEWABLES
_96265
690 _aENERGY
_96237
942 _n0
999 _c115157
_d115157